旅行

資料類型: Book 圖書   書目號:52046

Leader xxxxxxxxxx
001 __ 102520/3/01
005 __ 20180426083507.395
010 0_ |a978-986-450-154-0|b平裝|d新臺幣360元
100 __ |a20180426d2017    km y0chiy50      e
101 0_ |achi
102 __ |atw
105 __ |ay   z   000ay
200 1_ |a旅行|f張啟疆著
210 __ |a臺北市|c九歌|d2017[民106]
215 0_ |a318面|d21公分
225 12 |a九歌文庫|v1268
700 _1 |a|b啟疆|4681 __ |a857.7|b8734
801 _0 |atw|bLibDipper|c20180426|gCCR
詳細館藏(共 1 筆)
索 書 號登 錄 號冊次號館別 / 館藏地流通類型狀態加入預約清單電子資源
857.7 / 8734 1025203  圖書館 / 一樓普通區 可外借30天 在館   

| 條列資料




目錄查詢 分類查詢 個人資料 圖書薦購 新書查詢 閉館日 排行榜 更多電子資源 Hami書城 線上資料庫 登出

From : 216.73.217.87

  本日流通累計至 13:11:47 借閱 : 12 次 續借 : 0 次 歸還 : 9 次 預約 : 0 次 電子資源 : 0 次


內湖高中圖書館  PCLIS 版本  26.5.0.12